LEADER 01520nam0-22003491i-450- 001 990001857890403321 005 20121116122133.0 035 $a000185789 035 $aFED01000185789 035 $a(Aleph)000185789FED01 035 $a000185789 100 $a20030910f1830----km-y0itay50------ba 101 0 $aita 102 $aIT 105 $ay-------001yy 140 $ay---y----zz------zzyb-0000-- 141 $af--b1bb-$5ITNA0274------------------------------------------------------------------- 200 1 $aDiscorso su la geologia, le produzioni, e la economia rustica del monte Ermio$eletto all'Accademia Pontaniana nelle tornate de' 7 e de' 28 febbraio 1830 dal socio residente Luigi Granata 210 $a[Napoli$cs.n.$d1830] 215 $a47 p.$d27 cm 307 $aSegn.: 1-6/4 316 $aLegato con: Prolusione per l'apertura della nuova cattedra di fisica, chimica ed agronomia istituita nella R. Scuola di applicazione degli ingegneri di acque e strade in Napoli recitata dal professore Luigi Granata il dì 19 aprile 1830 istituita nella R. Scuola di applicazione degli Ingegneri di acque e strade di Napoli$5ITNA0274: 094.3 B 13/1 610 0 $aAgricoltura$aStoria 676 $a630.9 700 1$aGranata,$bLuigi$0352752 801 0$aIT$bUNINA$gRICA$2UNIMARC 901 $aAQ 912 $a990001857890403321 952 $a60 094.3 B 13/1$b929$fFAGBC 959 $aFAGBC 996 $aDiscorso su la geologia, le produzioni, e la economia rustica del monte Ermio$9414168 997 $aUNINA LEADER 03808oam 22008054a 450 001 996312640903316 005 20230621140147.0 010 $a0-520-29700-8 024 7 $a10.1525/luminos.56 035 $a(CKB)4100000007142883 035 $a(OAPEN)1002459 035 $a(DE-B1597)539687 035 $a(OCoLC)1043049817 035 $a(DE-B1597)9780520969537 035 $a(MdBmJHUP)muse72996 035 $a(ScCtBLL)284250c8-188c-4eeb-9b65-a56cd099d84b 035 $a(oapen)https://directory.doabooks.org/handle/20.500.12854/27536 035 $a(EXLCZ)994100000007142883 100 $a20180627d2018 uy 0 101 0 $aeng 135 $aurmu#---auuuu 181 $ctxt$2rdacontent 182 $cc$2rdamedia 183 $acr$2rdacarrier 200 14$aThe Monastery Rules$eBuddhist Monastic Organization in Pre-Modern Tibet /$fBy Berthe Jansen 210 $aOakland$cUniversity of California Press$d2018 210 1$aOakland, California :$cUniversity of California Press,$d[2018] 210 4$d©[2018] 215 $a1 online resource (x, 281 pages) $cPDF, digital file(s) 225 0 $aSouth Asia across the disciplines 311 08$aPrint version: 9780520297005 320 $aIncludes bibliographical references and index. 327 $aDocuments that establish the rules: the genre of Chayik -- Historical and doctrinal frameworks of monastic organization in Tibet -- Entrance to the monastery -- Monastic organization -- Monastic economy and policy -- Relations with the laity: the roles of the monastery in society -- Justice and the judicial role of the monastery -- Maintaining (the) order: conclusions. 330 $a"The Monastery Rules discusses the position of the monasteries in pre-1950s Tibetan Buddhist societies and how that position was informed by the far-reaching relationship of monastic Buddhism with Tibetan society, economy, law, and culture. Jansen focuses her study on monastic guidelines, or bca' yig. The first study of its kind to examine the genre in detail, the book contains an exploration of its parallels in other Buddhist cultures, its connection to the Vinaya, and its value as socio-historical source-material. The guidelines are witness to certain socio-economic changes, while also containing rules that aim to change the monastery in order to preserve it. Jansen argues that the monastic institutions' influence on society was maintained not merely due to prevailing power-relations, but also because of certain deep-rooted Buddhist beliefs"--Provided by publisher. 606 $aBuddhism$xSocial aspects$zChina$zTibet Autonomous Region 606 $aBuddhist monasticism and religious orders$zChina$zTibet Autonomous Region$vRules 608 $aElectronic books. 610 $abca yig. 610 $abuddhism. 610 $abuddhist beliefs. 610 $abuddhist cultural parallels. 610 $abuddhist society. 610 $achange the monastery. 610 $aculture. 610 $adeep rooted beliefs. 610 $aeconomy. 610 $aguidelines. 610 $ainfluence on society. 610 $alaw. 610 $amonasteries. 610 $amonastic buddhism. 610 $amonastic guidelines. 610 $apower relations. 610 $apre 1950s. 610 $apreserve the monastery. 610 $asocio economic changes. 610 $asocio historical source. 610 $atibet. 610 $atibetan society. 610 $avinaya. 615 0$aBuddhism$xSocial aspects 615 0$aBuddhist monasticism and religious orders 676 $a294.3/657 700 $aJansen$b Berthe$f1980-$01024742 801 0$bMdBmJHUP 801 1$bMdBmJHUP 906 $aBOOK 912 $a996312640903316 996 $aThe Monastery Rules$92435753 997 $aUNISA